Responses for Show #5327 - Tuesday, November 6, 2007

2007 Tournament of Champions quarterfinal game 2.

Contestants

[<< previous game]

Craig Westphal, a paramedic from Tucson, Arizona

Nick Swezey, a publisher from Washington, D.C.

Celeste DiNucci, a recent graduate student from Philadelphia, Pennsylvania

[next game >>]

Jeopardy! Round responses

ANAGRAMMED CANADIAN PROVINCES
THE DIRECTOR'S CHAIR
(Alex: You identify the director.)
AT THE BUFFET
THE NEW YORK TIMES COLUMNISTS
BABY GOT BACH
4 "A"s 4 YOU
(Alex: Each correct response will have four of the letter A.)
    $200 26
Alberta

Celeste
    $200 1
Ron Howard

Nick
    $200 11
Parma

Celeste
    $200 16
Observatory

Celeste
    $200 6
an organ

Craig
    $200 17
jambalaya

Craig
    $400 27
Ontario

Craig
    $400 2
James Cameron

Craig
    $400 12
crème brûlée

Craig
    $400 18
sports

Craig
    $400 7
cantatas

Craig
    $400 21
(Alex: That's right, yes. "Move It, Move It" the song from that film. Go again.)
(Celeste: Ah, yes.)

Madagascar

Celeste
    $600 29
Nova Scotia

Celeste
    $600 3
David Lynch

Craig
    $600 13
(Craig: What is...)
[The time expiry signal sounds.]
(Alex: Sorry, too much time.)

menudo

Craig
Triple Stumper
    $600 19
Metro

Craig
    $600 8
the cello

Celeste
    $600 22
a macadamia

Celeste
    $800 30
Manitoba

Celeste
    $800 4
Orson Welles

Celeste
    $800 14
Gala

Nick
    $800 20
Michigan

Celeste
    $800 9
Martin Luther

Celeste
    $800 23
a balalaika

Nick
    $5,000 28
(Alex: You are correct. Craig, tell me honestly, did you run the provinces from west to east, or did you start in the Atlantic?)
(Craig: I started with the longest ones in letters, and from there--)

Saskatchewan

Craig
    $1000 5
Roman Polanski

Craig
    $1000 15
(Craig: What is hollandaise?)
(Celeste: What is Béarnaise?)

Mornay

CelesteCraig
Triple Stumper
    $1000 25
bohemians

Nick
    $1000 10
(Nick: Who is St. John?)

St. Matthew

NickCraig
    $1000 24
Rastafarianism

Craig

Scores at the first commercial break (after clue 15):

Celeste Nick Craig
$1,400 $0 $2,400

Scores at the end of the Jeopardy! Round:

Celeste Nick Craig
$5,000 $1,800 $10,000

Double Jeopardy! Round responses

MACHU PICCHU
BROADWAY MUSICALS
SCIENTISTS
COLLECTIBLES
WOMEN AUTHORS
HISTORIC SUPREME COURT DECISIONS?
(Alex: Marbury v. Madison would be an example.)
    $400 6
the solstice

Celeste
    $400 11
Annie Get Your Gun

Craig
    $400 12
Isaac Newton

Craig
    $400 21
a cookie jar

Nick
    $400 1
Jane Austen

Celeste
    $400 26
(Craig: What is sail or wade?)

row v. wade

NickCraig
    $800 7
National Geographic

Celeste
    $800 17
(Nick: What is Queen Latifah?)
...
(Alex: Great Broadway star.)

Cheetah Rivera

Nick
Triple Stumper
    $6,000 13
(Dmitri) Mendeleev

Craig
    $800 22
Hallmark

Craig
    $800 2
Bees

Celeste
    $800 27
bush v. gore

Craig
    $1200 8
(Craig: What is limestone?)

white granite

Craig
Triple Stumper
    $1200 18
(Celeste: What is Gypsy?)

Sweeney Todd

Celeste
Triple Stumper
    $1200 14
Heisenberg

Craig
    $1200 23
carnival glass

Triple Stumper
    $1200 3
(Celeste: Oh...)
(Alex: Hurry.)
(Celeste: [Shakes head] Who is Zora Neale--Neale Hurston?)

Danielle Steel

CelesteNick
    $2,000 28
brown v. bored of education

Craig
    $1600 9
(Alex: See, you're learning something.)

vortices (or vortexes)

Triple Stumper
    $1600 19
A Chorus Line

Celeste
    $1600 15
Harvey

Celeste
    $1600 24
a Beanie Baby

Celeste
    $1600 4
Iris Murdoch

Nick
    $1600 29
Gideon v. wainwright

Craig
    $2000 10
(Pablo) Neruda

Celeste
    $2000 20
(Alex: You thought about it, but too late, Celeste.)
(Celeste: Yes, too late.)

The Drowsy Chaperone

Triple Stumper
    $2000 16
(Robert) Brown

Celeste
    $2000 25
Lladró

Nick
    $2000 5
Annie Proulx

Celeste
    $2000 30
dread Scot v. Sanford

Triple Stumper

Scores at the end of the Double Jeopardy! Round:

Celeste Nick Craig
$15,800 $6,600 $21,600

Final Jeopardy! Round responses

HISTORIC NAMES
(Alex: [To Nick] Yes, the Pyrrhic victory, you are correct.)
NickWho was Pyrrus? Phyrus
$4,000
CelesteWho is Pyrrhus?
$6,000
CraigWho is Pyrrhus?
$5,000
Pyrrhus

Final scores:

Celeste Nick Craig
$21,800 $10,600 $26,600
2nd place: $5,000 + the Jeopardy! DVD Home Game System if eliminated 3rd place: $5,000 + the Jeopardy! DVD Home Game System if eliminated Automatic semifinalist

Game dynamics:

Coryat scores:

Celeste Nick Craig
$15,800 $6,600 $11,600
21 R,
3 W
9 R,
2 W
21 R
(including 3 DDs),
4 W

Combined Coryat: $34,000

[game clues] [game scores] [suggest correction]

Game tape date: 2007-10-09
The J! Archive is created by fans, for fans. Scraping, republication, monetization, and malicious use prohibited; this site may use cookies and collect identifying information. See terms. The Jeopardy! game show and all elements thereof, including but not limited to copyright and trademark thereto, are the property of Jeopardy Productions, Inc. and are protected under law. This website is not affiliated with, sponsored by, or operated by Jeopardy Productions, Inc. Join the discussion at JBoard.tv.